Welding Engineering (Record no. 8045)

MARC details
000 -LEADER
fixed length control field 00315nam a2200133Ia 4500
008 - FIXED-LENGTH DATA ELEMENTS--GENERAL INFORMATION
fixed length control field 191201s2011 xx 000 0 und d
082 ## - DEWEY DECIMAL CLASSIFICATION NUMBER
Classification number 671.52
Item number AGW
100 ## - MAIN ENTRY--PERSONAL NAME
Personal name AGARWAL, RL
245 #0 - TITLE STATEMENT
Title Welding Engineering
250 ## - EDITION STATEMENT
Edition statement 5th
260 ## - PUBLICATION, DISTRIBUTION, ETC. (IMPRINT)
Date of publication, distribution, etc 2011
Name of publisher, distributor, etc Khanna Publisher
Place of publication, distribution, etc NEW DELHI
300 ## - PHYSICAL DESCRIPTION
Extent 744
942 ## - ADDED ENTRY ELEMENTS (KOHA)
Source of classification or shelving scheme Dewey Decimal Classification
Koha item type Text Books
942 ## - ADDED ENTRY ELEMENTS (KOHA)
-- 1
Holdings
Withdrawn status Lost status Source of classification or shelving scheme Damaged status Not for loan Collection code Home library Current library Date acquired Source of acquisition Cost, normal purchase price Bill Number Total Checkouts Full call number Acc. no. / Barcode Date last seen Bill Date Koha item type Date last borrowed
    Dewey Decimal Classification     Diploma in Mechanical PIET C-LIBRARY PIET C-LIBRARY 07/07/2012 IBH, New Delhi 185.00 5129   671.52 AGW DE212 04/12/2019 07/07/2012 Text Books  
    Dewey Decimal Classification     Diploma in Mechanical PIET C-LIBRARY PIET C-LIBRARY 07/07/2012 IBH, New Delhi 185.00 5129   671.52 AGW DE213 04/12/2019 07/07/2012 Text Books  
    Dewey Decimal Classification     Diploma in Mechanical PIET C-LIBRARY PIET C-LIBRARY 07/07/2012 IBH, New Delhi 185.00 5129   671.52 AGW DE214 04/12/2019 07/07/2012 Text Books  
    Dewey Decimal Classification     Diploma in Mechanical PIET C-LIBRARY PIET C-LIBRARY 07/07/2012 IBH, New Delhi 185.00 5129 1 671.52 AGW DE215 23/03/2022 07/07/2012 Text Books 09/03/2022

Design & Developed by: PIET Central Library
R70 Miles Stone Pattikalyana Samalkha Panipat 132102
mail ID :- [email protected], Phone No:- 0180-2569700 Ex.216